000 00213nam a22000857a 4500
008 161111b xxu||||| |||| 00| 0 eng d
100 _91155
_aanand.m. r
245 _amora
260 _anew delhi
_bnational book trust
_c2007
999 _c3815
_d3815